The "Witch" Quiz - Statistics

General Stats
  • This quiz has been taken 969 times
  • The average score is 9 of 20
Answer Stats
Hint Answer % Correct
It is said that witches can ride these. brooms
94%
Witches are thought to have signed a pact with him. Devil
94%
Witches are able to cast these. spells
93%
Location of the most famous witch trials. Salem
91%
A group or gathering of witches. coven
81%
The Teenage Witch Sabrina
74%
The Sea Witch. (Disney) Ursula
62%
Famous witch in Arthurian Legend. Morgan
46%
Witches can make these kind of potions. love
45%
The Good Witch of the South Glinda
43%
Witch in russian folktales. Baba Yaga
36%
Helpers of witches. familiars
29%
The brightest witch of her age. Hermione Granger
28%
The Scarlet Witch. (MCU) Wanda Maximoff
26%
The Red Priestess (GOT) Melisandre
18%
Main witch of Charmed. Phoebe
18%
Main witch of Charmed. Piper
16%
Main witch of Charmed. Prue
16%
Main witch of Charmed. Paige
12%
Witch friend of Buffy. Willow Rosenberg
8%
No matching quizzes found
Score Distribution
Percent of People with Each Score
Percentile by Number Answered
Your Score History
You have not taken this quiz